00645 2200229 4500001002100000005001700021008004100038020001800079035002400097082001200121090002200133100001700155245005300172260004200225300002700267500003300294650003600327850001600363980001500379985000600394999001500400YOGYA-0209000004079220090227025711.0 ind  a979-686-627-7 0010-020900000040792 a495.131 a495.131bSuh KlR aSUHARTO, Y.B aKamus populer Mandarin - IndonesiacY.B. Suharto aJakartabGramedia Pustaka Utamac2002 axLiii, 1230 hlmc23 cm aBibliografi : hlm. 1229-1230 aBahasa Cina - Kamus - Indonesia aYOPDYOG (B) a29-10-2007 a1 a07B0032306